LEADER 01102nam a2200277 i 4500 001 000000151868 003 CaOOAMICUS 005 20060714000000.0 008 060714s1973 it u000 u ita u 013 $a129209 040 $aSeMil$bita 100 1 $aMelo Neto, Joćo Cabral : de.$0(OLS)http://semarc/name/59647 245 10$aMorte e vita severina /$cJoćo Cabral de Melo Neto ; a cura di Tilde Barini e Daniela Ferioli. 260 $aTorino :$bGiulio Einaudi,$ccopyr. 1973. 300 $a181 p. ;$c18 cm. 490 0 $aCollezione di poesia ;$v98 500 $aFondo Ciprandi. 700 1 $aFerioli, Daniela.$0(OLS)http://semarc/name/37237 700 1 $aBarini, Tilde.$0(OLS)http://semarc/name/59648 830 0$aCollezione di poesia ;$v98.$0(OLS)http://semarc/title/7855 850 $aSeMil 852 $aSeMil$W1$xVenegono$y1$m1V II 192$j103847$B103847$CSeMilBibl$Z2$F112898 $81 941 1 $a1 961 $aOmaggio: Ciprandi dott. Paolo 996 $6245$aMorte e vita severina$9(OLS)http://semarc/title/221970 996 $6260$aTorino :$bGiulio Einaudi$9(OLS)http://semarc/publisher/29810 LEADER 01029nas a2200241 i 4500 001 000000160741 003 CaOOAMICUS 005 20071210000000.0 008 070411b2007 xxuuu u0 0eng r 013 $a138104 040 $aSeMil$bita 245 10$a[2007 :$bNo. 1-2]. 260 $aWashington :$bThe Catholic Biblical Association of America,$ccopyr. 2007. 300 $a418 p. ;$c23 cm + [1] c. di Errata Corrige. 773 0 $tCatholic Biblical Quarterly.$dWashington : The Catholic Biblical Association of America $x0008-7912$w()2089 774 0 $t[SENZA TITOLO].$w()266254 774 0 $t[SENZA TITOLO].$w()266396 774 0 $tERRATA CORRIGE. - 1 c., inserita in testa al fascicolo.$w()266397 850 $aSeMil 852 $aSeMil$W1$xVenegono$y1$m220 3 30$j112194$B112194$CSeMilBibl$Z2$F129791 $85 961 $aCambio: Scuola Cattolica 996 $6245$a[2007 :$bNo. 1-2]$9(OLS)http://semarc/title/143552 996 $6260$aWashington :$bThe Catholic Biblical Association of America$9(OLS)http://semarc/publisher/30547